Countries A to Z - longest names - Statistics

General Stats
  • This quiz has been taken 1,282 times
  • The average score is 14 of 25
Answer Stats
letters country % Correct
O 4 Oman
91%
Y 5 Yemen
90%
Q 5 Qatar
88%
Z 8 Zimbabwe
88%
J 7 Jamaica
67%
H 8 Honduras
65%
K 10 Kazakhstan
65%
I 9 Indonesia
64%
D 28 Democratic Republic of the Congo
56%
F 27 Federated States of Micronesia
56%
A 17 Antigua and Barbuda
55%
K 10 Kyrgyzstan
55%
U 18 United Arab Emirates
54%
V 11 Vatican City
53%
L 13 Liechtenstein
47%
C 22 Central African Republic
46%
T 17 Trinidad and Tobago
45%
S 28 Saint Vincent and the Grenadines
42%
P 14 Papua New Guinea
40%
B 20 Bosnia and Herzegovina
39%
R 18 Republic of the Congo
39%
E 16 Equatorial Guinea
38%
M 15 Marshall Islands
36%
N 14 North Macedonia
35%
G 12 Guinea-Bissau
34%
No matching quizzes found
Score Distribution
Percent of People with Each Score
Percentile by Number Answered
Your Score History
You have not taken this quiz